[Event "SR 4. liga A21 2008/2009"]
[Site "?"]
[Date "2008.11.23"]
[Round "4.6"]
[White "Beran, Jan ml"]
[Black "Skapikova, Lubica"]
[Result "1/2-1/2"]
[WhiteElo "1757"]
[BlackElo "1958"]
[PlyCount "67"]
[EventDate "2008.??.??"]

1. e4 e5 2. Nf3 Nc6 3. Bb5 a6 4. Bxc6 dxc6 5. d4 exd4 6. Qxd4 Qxd4 7. Nxd4 Bc5
8. Be3 Ne7 9. c3 Bd7 10. Nd2 O-O-O 11. b4 Bb6 12. a4 c5 13. N4b3 cxb4 14. Bxb6
bxc3 15. Rc1 cxd2+ 16. Nxd2 Nc6 17. Be3 f5 18. O-O Rde8 19. exf5 Bxf5 20. Rc5
Re5 21. Rfc1 Rxc5 22. Rxc5 g6 23. h3 Re8 24. g4 Bd7 25. a5 Ne5 26. Bf4 Nd3 27.
Rxc7+ Kd8 28. Bg3 Re1+ 29. Kh2 Bc6 30. Bd6 Rh1+ 31. Kg3 Rd1 32. Nf3 Nc5 33.
Rxc6 bxc6 34. Bxc5 1/2-1/2

[Event "SR 4. liga A21 2008/2009"]
[Site "?"]
[Date "2008.11.23"]
[Round "4.6"]
[White "Havlicek, Peter"]
[Black "Bendzela, Tibor"]
[Result "1/2-1/2"]
[WhiteElo "1684"]
[BlackElo "1477"]
[PlyCount "44"]
[EventDate "2008.??.??"]

1. e4 d5 2. exd5 Qxd5 3. Nc3 Qd6 4. Nf3 Bg4 5. Be2 e6 6. d4 Nf6 7. O-O Nbd7 8.
Be3 c6 9. Qd2 Bxf3 10. Bxf3 h6 11. Rad1 O-O-O 12. a4 g5 13. a5 a6 14. Na4 g4
15. Be2 h5 16. c4 Ne4 17. Qd3 f5 18. d5 exd5 19. cxd5 Qxd5 20. Qxd5 cxd5 21.
Rxd5 h4 22. Rc1+ Kb8 1/2-1/2

[Event "SR 4. liga A21 2008/2009"]
[Site "?"]
[Date "2008.11.23"]
[Round "4.6"]
[White "Lanik, Miroslav"]
[Black "Fidericky, Milan"]
[Result "1/2-1/2"]
[WhiteElo "1702"]
[BlackElo "1866"]
[PlyCount "44"]
[EventDate "2008.??.??"]

1. e4 e5 2. Nf3 Nf6 3. Nxe5 d6 4. Nf3 Nxe4 5. Nc3 d5 6. Qe2 f5 7. b3 c6 8. Bb2
Be7 9. O-O-O O-O 10. d3 Nxc3 11. Bxc3 Bf6 12. Bxf6 Qxf6 13. Kb1 Nd7 14. g3 Nb6
15. Bg2 Bd7 16. Rhe1 Rae8 17. Qd2 Rxe1 18. Rxe1 Re8 19. Rxe8+ Bxe8 20. Qg5 Qxg5
21. Nxg5 Bf7 22. Nxf7 Kxf7 1/2-1/2

[Event "SR 4. liga A21 2008/2009"]
[Site "?"]
[Date "2008.11.23"]
[Round "4.6"]
[White "Zisek, Jaroslav"]
[Black "Tokos, Rastislav"]
[Result "1/2-1/2"]
[WhiteElo "1895"]
[BlackElo "1931"]
[PlyCount "39"]
[EventDate "2008.??.??"]

1. c4 c5 2. Nf3 Nc6 3. d4 cxd4 4. Nxd4 g6 5. Nc3 Bg7 6. Nc2 Nf6 7. e4 d6 8. Be2
O-O 9. O-O a6 10. Be3 Ne5 11. f3 Qc7 12. b3 Bd7 13. Qd2 Bc6 14. Rad1 Rfd8 15.
Nb4 b6 16. Nbd5 Bxd5 17. Nxd5 Nxd5 18. exd5 Nd7 19. Rfe1 Nc5 20. Bd4 1/2-1/2

[Event "SR 4. liga A21 2008/2009"]
[Site "?"]
[Date "2008.12.07"]
[Round "5.1"]
[White "Gasa, Patrik"]
[Black "Ocko, Martin"]
[Result "1/2-1/2"]
[WhiteElo "1350"]
[BlackElo "1438"]
[PlyCount "33"]
[EventDate "2008.??.??"]

1. e4 c5 2. Nf3 d6 3. c3 Nc6 4. Be2 Nf6 5. d4 cxd4 6. cxd4 e6 7. Nc3 Be7 8. Bg5
h6 9. Bh4 O-O 10. O-O a6 11. a3 b5 12. b4 Bb7 13. Re1 Rc8 14. Rc1 Nd7 15. Bxe7
Nxe7 16. Bd3 Nb6 17. h3 1/2-1/2

[Event "SR 4. liga A21 2008/2009"]
[Site "?"]
[Date "2008.12.07"]
[Round "5.1"]
[White "Nemeckay, Rastislav"]
[Black "Skapikova, Lubica"]
[Result "1/2-1/2"]
[WhiteElo "1749"]
[BlackElo "1958"]
[PlyCount "47"]
[EventDate "2008.??.??"]

1. e4 e5 2. Nc3 d6 3. Bc4 Nf6 4. d3 Be7 5. f4 Bg4 6. Nf3 exf4 7. Bxf4 Nh5 8.
Be3 O-O 9. O-O Be6 10. Bxe6 fxe6 11. Nd4 Rxf1+ 12. Kxf1 Qf8+ 13. Kg1 Nf4 14.
Bxf4 Qxf4 15. Nxe6 Qe3+ 16. Kh1 Nc6 17. Nxc7 Rf8 18. N7d5 Qg5 19. Nxe7+ Nxe7
20. Qe1 Ng6 21. Nd5 Ne5 22. Qe2 Ng4 23. Rf1 Nf2+ 24. Kg1 1/2-1/2

[Event "SR 4. liga A21 2008/2009"]
[Site "?"]
[Date "2008.12.07"]
[Round "5.1"]
[White "Palka, Miroslav"]
[Black "Pagerka, Slavomir"]
[Result "1-0"]
[WhiteElo "1964"]
[BlackElo "1848"]
[PlyCount "39"]
[EventDate "2008.??.??"]

1. c4 e5 2. Nc3 Nf6 3. g3 d5 4. cxd5 Nxd5 5. Bg2 c6 6. Nf3 Nxc3 7. bxc3 Qc7 8.
O-O Be7 9. d4 Nd7 10. e4 b6 11. dxe5 Nxe5 12. Nxe5 Qxe5 13. Bf4 Qc5 14. Be3 Qc4
15. Qd4 Qxd4 16. cxd4 Be6 17. d5 cxd5 18. exd5 Bf6 19. dxe6 Bxa1 20. Bxa8 1-0

[Event "SR 4. liga A21 2008/2009"]
[Site "?"]
[Date "2008.12.07"]
[Round "5.1"]
[White "Tokoly, Daniel"]
[Black "Fidericky, Milan"]
[Result "1/2-1/2"]
[WhiteElo "1494"]
[BlackElo "1866"]
[PlyCount "39"]
[EventDate "2008.??.??"]

1. e4 e5 2. Nf3 Nf6 3. Nc3 Nc6 4. Bc4 Bc5 5. d3 d6 6. O-O O-O 7. Be3 Bg4 8. Bg5
h6 9. Bxf6 Qxf6 10. Nd5 Qd8 11. c3 a5 12. a3 Ne7 13. b4 axb4 14. axb4 Ba7 15.
h3 Be6 16. d4 exd4 17. Nxd4 c6 18. Nf6+ gxf6 19. Nxe6 fxe6 20. Bxe6+ 1/2-1/2

[Event "SR 4. liga A21 2008/2009"]
[Site "?"]
[Date "2008.12.07"]
[Round "5.1"]
[White "Zisek, Jaroslav"]
[Black "Nemeckayova, Monika"]
[Result "1-0"]
[WhiteElo "1895"]
[BlackElo "1505"]
[PlyCount "41"]
[EventDate "2008.??.??"]

1. c4 e5 2. Nc3 f5 3. Nf3 Nc6 4. d4 exd4 5. Nxd4 d6 6. e3 Ne5 7. Be2 Be7 8. f4
Nf7 9. Bf3 Ngh6 10. O-O Bd7 11. Bxb7 Rb8 12. Nc6 Bxc6 13. Bxc6+ Kf8 14. Nd5 Bf6
15. Rb1 Ng4 16. b3 h5 17. h3 Ngh6 18. Nxf6 gxf6 19. Bb2 Rg8 20. Qd4 Rg6 21. Bf3
1-0

[Event "SR 4. liga A21 2008/2009"]
[Site "?"]
[Date "2008.12.07"]
[Round "5.2"]
[White "Bendzela, Tibor"]
[Black "Sedlak, Rastislav"]
[Result "1/2-1/2"]
[WhiteElo "1477"]
[BlackElo "1590"]
[PlyCount "124"]
[EventDate "2008.??.??"]

1. e4 e5 2. Nf3 Nc6 3. d4 exd4 4. Nxd4 Nf6 5. Nxc6 bxc6 6. Bd3 Bc5 7. Bg5 h6 8.
Bh4 d6 9. Nd2 O-O 10. Qe2 Re8 11. O-O-O Bg4 12. f3 Be6 13. Nb3 Bb6 14. e5 Bxb3
15. axb3 Rxe5 16. Qf1 Rh5 17. Be1 Nd5 18. Bd2 Re5 19. Kb1 Qf6 20. Be4 Rae8 21.
h4 Bd4 22. g4 Bxb2 23. g5 hxg5 24. hxg5 Rxg5 25. Bxg5 Nc3+ 26. Kxb2 Nxd1+ 27.
Kc1 Qa1+ 28. Kd2 Qd4+ 29. Bd3 Nf2 30. Rh2 Nxd3 31. Qxd3 Qxd3+ 32. Kxd3 f6 33.
Be3 a6 34. Rg2 Re5 35. c4 c5 36. f4 Rh5 37. Ra2 Kf7 38. Rxa6 Rh8 39. Ra7 Rc8
40. f5 g5 41. fxg6+ Kxg6 42. Bf4 Kf5 43. Ke3 Kg4 44. Bh6 f5 45. Kf2 f4 46. Bg7
f3 47. Bc3 Re8 48. Rxc7 Re2+ 49. Kf1 Rc2 50. Be1 Rb2 51. Rg7+ Kf5 52. Bg3 Ke6
53. Rg6+ Kf5 54. Rxd6 Rxb3 55. Rd5+ Ke4 56. Rxc5 Ke3 57. Re5+ Kd4 58. c5 Rc3
59. Rf5 Ke4 60. Rf4+ Ke3 61. Rf5 Rc1+ 62. Be1 Ke4 1/2-1/2

[Event "SR 4. liga A21 2008/2009"]
[Site "?"]
[Date "2008.12.07"]
[Round "5.2"]
[White "Curidlo, Jan"]
[Black "Palka, Martin"]
[Result "1-0"]
[WhiteElo "1979"]
[BlackElo "1931"]
[PlyCount "73"]
[EventDate "2008.??.??"]

1. e4 c5 2. Nf3 d6 3. d4 cxd4 4. Nxd4 Nf6 5. Nc3 a6 6. Bg5 e6 7. f4 Nbd7 8. Qf3
Qc7 9. O-O-O b5 10. Bd3 Bb7 11. Kb1 Be7 12. Rhe1 b4 13. Na4 Nc5 14. b3 Nxa4 15.
bxa4 Qa5 16. Qh3 Qxa4 17. Bxf6 gxf6 18. Bc4 Rc8 19. Bb3 Qa5 20. Re3 Rc5 21. g4
d5 22. e5 fxe5 23. fxe5 Rc3 24. Red3 Rxd3 25. Rxd3 Bc5 26. Qf1 Rg8 27. h3 Qc7
28. Ba4+ Kd8 29. Nb3 Bb6 30. Qf4 Qe7 31. Nd2 Kc8 32. h4 Qxh4 33. Qxb4 Qe1+ 34.
Kb2 Qxe5+ 35. Rc3+ Bc7 36. Nb3 Rd8 37. Nc5 1-0

[Event "SR 4. liga A21 2008/2009"]
[Site "?"]
[Date "2008.12.07"]
[Round "5.2"]
[White "Ochotnicky, Eduard"]
[Black "Podkopcan, Miroslav"]
[Result "1-0"]
[WhiteElo "1476"]
[BlackElo "1425"]
[PlyCount "89"]
[EventDate "2008.??.??"]

1. e4 e5 2. Nf3 Nc6 3. Bc4 Bc5 4. Nc3 Nf6 5. d3 d6 6. O-O Bg4 7. h3 Bh5 8. g4
Bg6 9. Bg5 h6 10. Bh4 Na5 11. Nd2 Nxc4 12. Nxc4 Qd7 13. Bxf6 gxf6 14. Qf3 O-O-O
15. Qxf6 h5 16. Qf3 Rdg8 17. g5 h4 18. Nd5 Rh5 19. Nf6 Rxg5+ 20. Kh2 Qd8 21.
Nxg8 Qxg8 22. Rg1 Qd8 23. Rxg5 Qxg5 24. Rg1 Qh5 25. Qxh5 Bxh5 26. Ne3 Bxe3 27.
fxe3 Kd7 28. Rg8 b6 29. Rh8 Bd1 30. c3 Bc2 31. d4 exd4 32. exd4 Bxe4 33. Rxh4
d5 34. Rg4 f5 35. Rf4 c5 36. Kg3 Ke6 37. Kh4 Kf6 38. Kh5 a5 39. Kh6 c4 40. h4
b5 41. h5 b4 42. Rf1 Bd3 43. Rg1 f4 44. Rg6+ Bxg6 45. hxg6 1-0

[Event "SR 4. liga A21 2008/2009"]
[Site "?"]
[Date "2008.12.07"]
[Round "5.2"]
[White "Siska, Michal"]
[Black "Lanik, Miroslav"]
[Result "1/2-1/2"]
[WhiteElo "1628"]
[BlackElo "1702"]
[PlyCount "66"]
[EventDate "2008.??.??"]

1. c4 Nf6 2. Nc3 e5 3. d3 Nc6 4. Nf3 d5 5. cxd5 Nxd5 6. a3 Be6 7. Ng5 Nd4 8.
Nxe6 Nxe6 9. Qb3 Nb6 10. Qb5+ Qd7 11. Qxe5 O-O-O 12. Be3 Bd6 13. Qa5 Kb8 14.
Nb5 a6 15. Nxd6 Qxd6 16. Rc1 Nd4 17. Bxd4 Qxd4 18. Qc3 Qxc3+ 19. bxc3 Rhe8 20.
e3 Re5 21. Be2 Ra5 22. Ra1 Nd5 23. Kd2 f5 24. Rhb1 Nf6 25. Bf3 Ne4+ 26. Bxe4
fxe4 27. d4 Rf5 28. Ke2 Rdf8 29. Rf1 Rb5 30. Ra2 Rf6 31. c4 Rg5 32. g3 Rgf5 33.
a4 c6 1/2-1/2

[Event "SR 4. liga A21 2008/2009"]
[Site "?"]
[Date "2008.12.07"]
[Round "5.2"]
[White "Tokos, Rastislav"]
[Black "Orvisky, Vladimir"]
[Result "0-1"]
[WhiteElo "1931"]
[BlackElo "1903"]
[PlyCount "116"]
[EventDate "2008.??.??"]

1. e4 Nf6 2. Nc3 e5 3. Nf3 d6 4. h3 Nc6 5. Bc4 Be7 6. O-O O-O 7. d3 Bd7 8. Nh2
Nd4 9. Ne2 Ne6 10. Be3 b5 11. Bb3 a5 12. c3 c5 13. Bc2 Bc6 14. f4 exf4 15. Nxf4
Nxf4 16. Rxf4 Rc8 17. Ng4 Nxg4 18. Qxg4 Bd7 19. Qg3 Bf6 20. Rf3 Be6 21. Bf4 Bh4
22. Qh2 d5 23. e5 d4 24. g3 Bg5 25. h4 Be7 26. a3 Bd5 27. Rf2 Be6 28. Bd1 c4
29. dxc4 dxc3 30. bxc3 Bc5 31. cxb5 Bc4 32. a4 Qd3 33. Bg4 Rcd8 34. Qg2 Bd5 35.
Qf1 Qxc3 36. Rc1 Qb4 37. Rxc5 Qxc5 38. Kh2 Bb3 39. Rb2 Bxa4 40. Qc1 Rd5 41.
Qxc5 Rxc5 42. b6 Rb5 43. Rxb5 Bxb5 44. e6 Bc6 45. e7 Re8 46. Bd7 Bxd7 47. b7 f5
48. b8=Q Rxb8 49. Bxb8 Kf7 50. Bd6 Ke6 51. Ba3 Kd5 52. h5 Kc4 53. Kg2 Kb3 54.
Bd6 a4 55. Kf3 a3 56. Kf4 a2 57. Be5 g6 58. Kg5 Be8 0-1

[Event "SR 4. liga A21 2008/2009"]
[Site "?"]
[Date "2008.12.07"]
[Round "5.3"]
[White "Harasta, Juraj"]
[Black "Danada, Ondrej"]
[Result "1/2-1/2"]
[WhiteElo "1628"]
[BlackElo "1894"]
[PlyCount "91"]
[EventDate "2008.??.??"]

1. e4 c6 2. d4 d5 3. Nc3 dxe4 4. Nxe4 Bf5 5. Ng3 Bg6 6. Nf3 Nd7 7. Bd3 Bxd3 8.
Qxd3 Qc7 9. Qf5 e6 10. Qd3 Ngf6 11. O-O Bd6 12. Rd1 O-O 13. Be3 c5 14. dxc5
Bxc5 15. Rac1 Rac8 16. a3 Qb6 17. b4 Bxe3 18. Qxe3 Qxe3 19. fxe3 Rc3 20. Rd3
Rfc8 21. Ne1 Rxd3 22. Nxd3 Rc3 23. a4 Nb6 24. a5 Nbd5 25. e4 Ne3 26. Ne1 Rc4
27. e5 Nfd5 28. b5 Nb4 29. Nf1 Nbxc2 30. Nxc2 Nxc2 31. Nd2 Rc3 32. Ne4 Rc7 33.
Nd6 Kf8 34. b6 axb6 35. axb6 Rc6 36. Nxb7 Rxb6 37. Nd6 Rb2 38. Rf1 Ne3 39.
Rxf7+ Kg8 40. Re7 Rxg2+ 41. Kh1 Rf2 42. h3 Rf1+ 43. Kh2 Rf2+ 44. Kh1 Rf1+ 45.
Kh2 Rf2+ 46. Kh1 1/2-1/2

[Event "SR 4. liga A21 2008/2009"]
[Site "?"]
[Date "2008.12.07"]
[Round "5.3"]
[White "Harasta, Marian"]
[Black "Havel, Filip"]
[Result "1-0"]
[WhiteElo "1648"]
[BlackElo "1399"]
[PlyCount "93"]
[EventDate "2008.??.??"]

1. d4 d5 2. c4 e6 3. Nc3 Nf6 4. Nf3 Bb4 5. e3 O-O 6. Bd3 b6 7. O-O Ba6 8. Qa4
dxc4 9. Bxh7+ Nxh7 10. Qxb4 Qd6 11. Qa4 Qc6 12. Qc2 Nd7 13. Qe2 Rfe8 14. Rd1
Qb7 15. a4 c5 16. Nb5 Qc6 17. dxc5 e5 18. cxb6 Nxb6 19. Rd6 Qc5 20. b4 Qxb4 21.
Ba3 Qxa4 22. Nc7 c3 23. Nxa6 Rec8 24. Rdd1 Nc4 25. Bb4 Qb3 26. Rdc1 Nb6 27.
Rab1 Qc4 28. Qxc4 Rxc4 29. Nxe5 Re4 30. Nd3 Nd5 31. Bxc3 Nxc3 32. Rxc3 Ra4 33.
Rb8+ Rxb8 34. Nxb8 Ra5 35. Rc8+ Nf8 36. Nd7 Kh7 37. Nxf8+ Kh6 38. Rc6+ f6 39.
g3 Kg5 40. Rc5+ Rxc5 41. Nxc5 Kf5 42. h3 Ke5 43. f4+ Kd5 44. Nfe6 Kc4 45. g4 g6
46. h4 a5 47. h5 1-0

[Event "SR 4. liga A21 2008/2009"]
[Site "?"]
[Date "2008.12.07"]
[Round "5.3"]
[White "Harastova, Viera"]
[Black "Danada, Tomas"]
[Result "1/2-1/2"]
[WhiteElo "1658"]
[BlackElo "1733"]
[PlyCount "87"]
[EventDate "2008.??.??"]

1. d4 Nf6 2. c4 g6 3. Nc3 d5 4. Nf3 Bg7 5. Bf4 O-O 6. e3 e6 7. Be2 Nbd7 8. O-O
c5 9. Bd6 Re8 10. Nb5 Ne4 11. Bf4 e5 12. dxe5 Nxe5 13. Nxe5 Bxe5 14. Bxe5 Rxe5
15. f4 Re7 16. cxd5 Nf6 17. Qb3 Qxd5 18. Bc4 Qe4 19. Bxf7+ Rxf7 20. Nd6 c4 21.
Qa3 Qe7 22. Nxf7 Qxa3 23. bxa3 Kxf7 24. Rac1 b5 25. Rfd1 Bf5 26. h3 h5 27. Kf2
Bd3 28. Kf3 Be4+ 29. Kf2 Bd3 30. Kf3 h4 31. g4 hxg3 32. Kxg3 Ke6 33. Rg1 Rd8
34. Rg2 Be4 35. Rb2 a6 36. a4 Rd5 37. axb5 axb5 38. a4 bxa4 39. Rxc4 Ra5 40.
Ra2 a3 41. Rc3 Nd5 42. Rcxa3 Rxa3 43. Rxa3 Kf5 44. Kf2 1/2-1/2

[Event "SR 4. liga A21 2008/2009"]
[Site "?"]
[Date "2008.12.07"]
[Round "5.3"]
[White "Mudroch, Martin"]
[Black "Berger, Patrik"]
[Result "0-1"]
[WhiteElo "1446"]
[BlackElo "1556"]
[PlyCount "40"]
[EventDate "2008.??.??"]

1. e4 c5 2. Nf3 d6 3. d4 cxd4 4. Nxd4 Nf6 5. Nc3 g6 6. Be3 Nc6 7. Qd2 Bg7 8.
Be2 O-O 9. Bh6 Bxh6 10. Qxh6 Nxd4 11. Bd3 Be6 12. f3 Qb6 13. O-O-O Qa5 14. a3
a6 15. g4 b5 16. h4 b4 17. h5 bxc3 18. hxg6 fxg6 19. g5 cxb2+ 20. Kxb2 Nxf3 0-1

[Event "SR 4. liga A21 2008/2009"]
[Site "?"]
[Date "2008.12.07"]
[Round "5.3"]
[White "Perickova, Jana"]
[Black "Brisudova, Veronika"]
[Result "0-1"]
[WhiteElo "1600"]
[BlackElo "1777"]
[PlyCount "66"]
[EventDate "2008.??.??"]

1. e4 c5 2. Nf3 d6 3. Bc4 Nc6 4. d4 cxd4 5. Nxd4 Nf6 6. Nc3 g6 7. O-O Bg7 8.
Be3 O-O 9. Qd2 Bd7 10. Rad1 Rc8 11. Bb3 a6 12. a4 Ne5 13. f4 Nc4 14. Bxc4 Rxc4
15. b3 Rc8 16. f5 Qc7 17. Nce2 Nxe4 18. Qd3 Nc3 19. Rde1 Nxe2+ 20. Rxe2 e5 21.
f6 Bh8 22. Bh6 exd4 23. Bxf8 Kxf8 24. Qxd4 Qc5 25. Qxc5 dxc5 26. Re7 Bc6 27.
Re3 Rd8 28. Rh3 Rd2 29. Rf2 Rd1+ 30. Rf1 Rxf1+ 31. Kxf1 Bxf6 32. Re3 Bd4 33.
Rh3 h5 0-1

[Event "SR 4. liga A21 2008/2009"]
[Site "?"]
[Date "2008.12.07"]
[Round "5.4"]
[White "Bjel, Jan"]
[Black "Hrubsa, Marian"]
[Result "0-1"]
[WhiteElo "1703"]
[BlackElo "1909"]
[PlyCount "30"]
[EventDate "2008.??.??"]

1. e4 e6 2. d4 d5 3. Nd2 Nf6 4. Bd3 c5 5. c3 cxd4 6. cxd4 Nc6 7. Ne2 Qb6 8. e5
Nd7 9. Qb3 Bb4 10. Bb1 Nxd4 11. Qg3 g6 12. b3 Nxe2 13. Kxe2 Qd4 14. Bd3 Qxa1
15. Ba3 Qc3 0-1

[Event "SR 4. liga A21 2008/2009"]
[Site "?"]
[Date "2008.12.07"]
[Round "5.4"]
[White "Bjel, Tomas"]
[Black "Planka, Peter"]
[Result "0-1"]
[WhiteElo "1623"]
[BlackElo "1350"]
[PlyCount "73"]
[EventDate "2008.??.??"]

1. e4 e5 2. Nf3 Nc6 3. Bc4 Bc5 4. c3 Nf6 5. d3 h6 6. b4 Bb6 7. b5 Na5 8. Nxe5
Nxc4 9. Nxc4 d6 10. h3 O-O 11. Be3 Be6 12. Nbd2 Bxe3 13. fxe3 a6 14. bxa6 Rxa6
15. a4 Qa8 16. O-O b6 17. e5 dxe5 18. Nxe5 Nd5 19. Qh5 Rxa4 20. Rxa4 Qxa4 21.
Ne4 Nxe3 22. Rf3 Qd1+ 23. Kf2 Nc2 24. Kg3 Ne1 25. Rf5 Qxh5 26. Rxh5 Rd8 27. d4
Nc2 28. Nc6 Re8 29. d5 Bxd5 30. Rxd5 Rxe4 31. Rd8+ Kh7 32. Rd7 Re3+ 33. Kh2
Rxc3 34. Ne5 f6 35. Ng4 Kg6 36. Rd2 Ne3 37. Nf2 0-1

[Event "SR 4. liga A21 2008/2009"]
[Site "?"]
[Date "2008.12.07"]
[Round "5.4"]
[White "Blatnicky, Miroslav"]
[Black "Kubis, Ivan"]
[Result "1/2-1/2"]
[WhiteElo "2107"]
[BlackElo "2042"]
[PlyCount "43"]
[EventDate "2008.??.??"]

1. e4 e5 2. Nf3 Nc6 3. Bb5 a6 4. Ba4 Nf6 5. O-O b5 6. Bb3 Be7 7. Re1 O-O 8. c3
d5 9. exd5 Nxd5 10. Nxe5 Nxe5 11. Rxe5 c6 12. Bxd5 cxd5 13. d4 Bd6 14. Re1 Qh4
15. g3 Qh3 16. Qf3 Bf5 17. Qg2 Qh5 18. Bf4 Rae8 19. Nd2 Bh3 20. Qf3 Bg4 21. Qg2
Bh3 22. Qf3 1/2-1/2

[Event "SR 4. liga A21 2008/2009"]
[Site "?"]
[Date "2008.12.07"]
[Round "5.4"]
[White "Leska, Marian"]
[Black "Feranec, Milan"]
[Result "0-1"]
[WhiteElo "1658"]
[BlackElo "1832"]
[PlyCount "95"]
[EventDate "2008.??.??"]

1. d4 Nf6 2. c4 e6 3. Nc3 Bb4 4. Bd2 b6 5. e3 Bb7 6. Nf3 O-O 7. Be2 c6 8. O-O
Be7 9. Qc2 d5 10. a3 Nbd7 11. Rac1 Rc8 12. Qa4 a5 13. cxd5 exd5 14. Qd1 b5 15.
Na2 Re8 16. h3 Ne4 17. Bd3 f5 18. Qe1 Ra8 19. Bxe4 fxe4 20. Nh2 Nf6 21. f4 Rf8
22. Qe2 Qd7 23. Rf2 g6 24. Rc2 Kg7 25. Nc1 b4 26. axb4 axb4 27. Nb3 Ba6 28. Qe1
Bc4 29. Nc5 Bxc5 30. dxc5 b3 31. Rc1 h5 32. Bc3 Kh7 33. Rf1 Ng8 34. Qd2 Bd3 35.
Rfe1 Nh6 36. Ra1 Ra2 37. Nf1 Rfa8 38. Rec1 Nf5 39. Qf2 Qe7 40. Be5 h4 41. Nh2
Bc2 42. Ng4 Kg8 43. Qe2 Kf7 44. Nf6 Qxc5 45. Kf2 d4 46. exd4 Qb4 47. d5 Qc5+
48. Kf1 0-1

[Event "SR 4. liga A21 2008/2009"]
[Site "?"]
[Date "2008.12.07"]
[Round "5.4"]
[White "Vach, Jozef"]
[Black "Krchnak, Rudolf"]
[Result "1/2-1/2"]
[WhiteElo "1917"]
[BlackElo "1930"]
[PlyCount "139"]
[EventDate "2008.??.??"]

1. d4 Nf6 2. c4 e5 3. e3 Bb4+ 4. Bd2 Bxd2+ 5. Qxd2 exd4 6. exd4 O-O 7. Nc3 Re8+
8. Be2 d5 9. cxd5 Nxd5 10. Nf3 c6 11. O-O Bf5 12. Rfe1 Qd6 13. Bd3 Rxe1+ 14.
Rxe1 Bd7 15. Qg5 Nf6 16. Ne4 Nxe4 17. Rxe4 Na6 18. Qe3 Nc7 19. Ne5 Nd5 20. Qf3
Nf6 21. Rf4 Be8 22. Qh3 h6 23. Qf5 Bd7 24. Nxd7 Qxd7 25. Qxd7 Nxd7 26. Bc4 Nf6
27. Kf1 Kf8 28. Rf3 Rd8 29. Rd3 Nd5 30. Bb3 a6 31. g3 Ke7 32. Ke1 Kd6 33. Rf3
Re8+ 34. Kd2 Re7 35. a3 f6 36. Kd1 Re4 37. Rd3 f5 38. Kd2 h5 39. Bd1 g6 40. Bf3
Re7 41. Bd1 Nf6 42. f3 Nd5 43. Bb3 g5 44. Bd1 a5 45. Be2 b5 46. Bd1 f4 47. Be2
Ne3 48. Rc3 Nd5 49. Rc1 Re3 50. gxf4 gxf4 51. Rg1 Rb3 52. Rg6+ Ke7 53. Kc1 Ne3
54. Rh6 Nc4 55. Rxh5 Nxb2 56. Rf5 Nc4 57. Bxc4 bxc4 58. Rxf4 Rxa3 59. h4 Ra2
60. h5 Rh2 61. Rf5 a4 62. Ra5 Kd6 63. Rxa4 Kd5 64. Ra6 Kxd4 65. Rxc6 Rxh5 66.
Re6 Rf5 67. Rd6+ Ke3 68. Kc2 Rxf3 69. Kc3 Ke4+ 70. Kxc4 1/2-1/2

[Event "SR 4. liga A21 2008/2009"]
[Site "?"]
[Date "2008.12.07"]
[Round "5.5"]
[White "Basovsky, Filip"]
[Black "Blanarik, Dominik"]
[Result "1/2-1/2"]
[WhiteElo "1549"]
[BlackElo "1565"]
[PlyCount "50"]
[EventDate "2008.??.??"]

1. e4 d6 2. Nc3 Nf6 3. Bc4 c6 4. d3 g6 5. Bg5 Bg7 6. Qd2 O-O 7. Nf3 Ng4 8. h3
Ne5 9. Nxe5 Bxe5 10. Bh6 Bg7 11. Bxg7 Kxg7 12. h4 h5 13. f3 b5 14. Bb3 Nd7 15.
g4 Ne5 16. Qe3 hxg4 17. fxg4 Bxg4 18. Ne2 Nf3+ 19. Kf2 e5 20. h5 gxh5 21. Ng3
Rh8 22. Nf5+ Kg6 23. c3 Ng5 24. Rag1 Qf6 25. Rg3 Ne6 1/2-1/2

[Event "SR 4. liga A21 2008/2009"]
[Site "?"]
[Date "2008.12.07"]
[Round "5.5"]
[White "Damborsky, Pavol"]
[Black "Strapko, Tomas"]
[Result "1/2-1/2"]
[WhiteElo "1664"]
[BlackElo "1436"]
[PlyCount "91"]
[EventDate "2008.??.??"]

1. c4 c5 2. Nc3 Nc6 3. Nf3 Nf6 4. g3 g6 5. Bg2 Bg7 6. a3 b6 7. O-O O-O 8. d4 d6
9. d5 Na5 10. b3 Bf5 11. Ra2 Qd7 12. Re1 Ne4 13. Nxe4 Bxe4 14. Bd2 Nb7 15. Ne5
Bxe5 16. Bxe4 b5 17. Bh6 Rfe8 18. Bg2 bxc4 19. bxc4 Qf5 20. e4 Qh5 21. Qxh5
gxh5 22. Be3 Na5 23. f4 Bg7 24. Rc2 Rab8 25. e5 Rb3 26. Bd2 Nb7 27. Ra2 Kf8 28.
Kf2 Rb8 29. Be4 h6 30. Bc2 Rb6 31. h4 Nd8 32. Bc3 dxe5 33. fxe5 f6 34. Bg6 Nf7
35. Bxf7 Kxf7 36. e6+ Kg6 37. Ree2 f5 38. Bxg7 Kxg7 39. Re3 Rb2+ 40. Rxb2 Rxb2+
41. Kf3 Rd2 42. Rc3 Kf6 43. Ke3 Rd4 44. Kf3 Ke5 45. Re3+ Kf6 46. Rc3 1/2-1/2

[Event "SR 4. liga A21 2008/2009"]
[Site "?"]
[Date "2008.12.07"]
[Round "5.5"]
[White "Dubecky, Ladislav"]
[Black "Fedorko, Tomas"]
[Result "1-0"]
[WhiteElo "1549"]
[BlackElo "1394"]
[PlyCount "51"]
[EventDate "2008.??.??"]

1. e4 e5 2. f4 Nc6 3. Nf3 d6 4. Bc4 Be6 5. Bxe6 fxe6 6. O-O exf4 7. d4 Qf6 8.
d5 exd5 9. exd5 Ne5 10. Nd4 g5 11. Ne6 Qe7 12. Qh5+ Nf7 13. Nc3 Nf6 14. Qd1 Ne5
15. Nb5 Rc8 16. Nxa7 Rb8 17. Nb5 Qd7 18. Nbxc7+ Ke7 19. Nxf8 Rhxf8 20. Ne6 Rfc8
21. Nxg5 Rc5 22. Bxf4 Rxd5 23. Qe2 Re8 24. Ne4 Rf8 25. Nxf6 Kxf6 26. Bxe5+ 1-0

[Event "SR 4. liga A21 2008/2009"]
[Site "?"]
[Date "2008.12.07"]
[Round "5.5"]
[White "Kovarik, Oto"]
[Black "Bardik, Jozef"]
[Result "1/2-1/2"]
[WhiteElo "2052"]
[BlackElo "1792"]
[PlyCount "148"]
[EventDate "2008.??.??"]

1. e4 c6 2. d4 d5 3. Nc3 dxe4 4. Nxe4 Bf5 5. Ng3 Bg6 6. Nf3 e6 7. Ne5 Bd6 8.
Nc4 Bc7 9. c3 Nd7 10. Be3 Ngf6 11. Bd3 Nd5 12. Qd2 b5 13. Na3 a5 14. Nc2 Qe7
15. O-O O-O 16. Rae1 f5 17. Bg5 Qf7 18. f4 h6 19. Bh4 N7f6 20. Bxf6 Qxf6 21. a3
Bf7 22. c4 bxc4 23. Bxc4 Rfd8 24. Bxd5 cxd5 25. Rb1 Rdb8 26. Rfc1 g5 27. Ne2
Bb6 28. Ne1 Bh5 29. Nf3 Bxf3 30. gxf3 Kh8 31. Rc6 gxf4 32. Qxf4 Rg8+ 33. Kf2
Ba7 34. Ke1 Bb8 35. Qe3 Qh4+ 36. Kd2 Rg2 37. Kd3 Rg6 38. Rxe6 Rxe6 39. Qxe6
Bxh2 40. Rh1 Rb8 41. b4 Qh3 42. Qe5+ Bxe5 43. Rxh3 Bg7 44. Nc3 axb4 45. axb4
Rxb4 46. Rh4 Kh7 47. Nxd5 Rb3+ 48. Nc3 Kg6 49. Kc4 Ra3 50. Rh3 f4 51. Rh4 Kf5
52. Rh5+ Kg6 53. Rh1 Bf6 54. Kb4 Be7+ 55. Kc4 Bg5 56. Rg1 Kf5 57. Rh1 Kg6 58.
Rh3 Bf6 59. Ne2 Bg5 60. d5 Re3 61. Nc3 Kf5 62. d6 Ke6 63. Ne4 Re1 64. Kc5 Rc1+
65. Kb6 Kd7 66. Rh5 Rb1+ 67. Kc5 Rb3 68. Rh3 Rb1 69. Kd5 Rd1+ 70. Ke5 Ra1 71.
Nxg5 hxg5 72. Rh7+ Kd8 73. Ke6 Re1+ 74. Kf5 Re3 1/2-1/2

[Event "SR 4. liga A21 2008/2009"]
[Site "?"]
[Date "2008.12.07"]
[Round "5.5"]
[White "Nedorost, Lubomir"]
[Black "Cerovsky, Marian"]
[Result "0-1"]
[WhiteElo "1588"]
[BlackElo "1805"]
[PlyCount "88"]
[EventDate "2008.??.??"]

1. e4 e5 2. Nc3 Nc6 3. Bc4 Bc5 4. Na4 Be7 5. d3 a6 6. Nc3 Na5 7. Bb3 Nxb3 8.
axb3 c6 9. f4 exf4 10. Bxf4 Bh4+ 11. g3 Bg5 12. Bd6 Be7 13. Bf4 d6 14. Qf3 Nf6
15. Nge2 Bg4 16. Qe3 h6 17. h3 Bxe2 18. Qxe2 g5 19. Be3 Qd7 20. Na4 Bd8 21. g4
c5 22. Rf1 b5 23. Nb6 Bxb6 24. Rxf6 Bd8 25. Rf5 Qe6 26. Kd2 Rh7 27. Raf1 Ra7
28. Qh2 f6 29. Rd5 Rad7 30. Qf2 h5 31. Bxg5 hxg4 32. hxg4 Rdf7 33. Bf4 Bc7 34.
Qg3 Kd7 35. Re1 Rfg7 36. Rb1 Rh8 37. e5 Qxd5 38. exf6 Rg6 39. g5 Bd8 40. Re1
Bxf6 41. Qg4+ Kc6 42. Re4 Bxg5 43. c4 Bxf4+ 44. Qxf4 Qg5 0-1